000 00309nam a22001337a 4500
008 171101b xxu||||| |||| 00| 0 eng d
020 _a9789280810899
041 _aeng
080 _a339.9
100 _a59
101 _aGLO
245 _aASIA AND AFRICA IN THE GLOBAL ECONOMY
_cARYEETEY,E
942 _2udc
_cBK
999 _c37100
_d37100